Statistical mechanics (Record no. 14080)

MARC details
000 -LEADER
fixed length control field 00562nam a2200205Ia 4500
003 - CONTROL NUMBER IDENTIFIER
control field IN-BaIIA
008 - FIXED-LENGTH DATA ELEMENTS--GENERAL INFORMATION
fixed length control field 211028s9999 xx 000 0 eng d
020 ## - INTERNATIONAL STANDARD BOOK NUMBER
International Standard Book Number 9971-51-295-5
040 ## - CATALOGING SOURCE
Transcribing agency IIA Library
080 ## - UNIVERSAL DECIMAL CLASSIFICATION NUMBER
Universal Decimal Classification number 53.21
Item number HUA
100 ## - MAIN ENTRY--PERSONAL NAME
Personal name Huang, K.
9 (RLIN) 24744
245 #0 - TITLE STATEMENT
Title Statistical mechanics
Statement of responsibility, etc. K. Huang
250 ## - EDITION STATEMENT
Edition statement 2nd ed.
260 ## - PUBLICATION, DISTRIBUTION, ETC.
Place of publication, distribution, etc. New York
Name of publisher, distributor, etc. John Wiley & Sons
Date of publication, distribution, etc. 2000
300 ## - PHYSICAL DESCRIPTION
Extent xiv, 493 p.
650 ## - SUBJECT ADDED ENTRY--TOPICAL TERM
Topical term or geographic name entry element mechanics
650 ## - SUBJECT ADDED ENTRY--TOPICAL TERM
Topical term or geographic name entry element NASA thesaurus
650 ## - SUBJECT ADDED ENTRY--TOPICAL TERM
Topical term or geographic name entry element statistical mechanics
942 ## - ADDED ENTRY ELEMENTS (KOHA)
Koha item type Books
Holdings
Withdrawn status Lost status Damaged status Not for loan Home library Current library Shelving location Date acquired Source of acquisition Cost, normal purchase price Total Checkouts Full call number Barcode Date last seen Cost, replacement price Price effective from Koha item type Purchase Price
        IIA Library-Bangalore IIA Library-Kodaikanal General Stacks 11/05/2001 TBH 341.90   53.21/HUA 15000 05/11/2021 341.90 11/05/2001 Books Rs. 341.90

Powered by Koha